00444nam a2200181Ia 450000500170000000800410001702000220005804100080008008200150008810000120010324500190011525000110013426000420014530000090018750000270019665000270022370000120025020230328134846.0230125s9999 xx 000 0 und d a978-93-5024-908-6 aeng a332.1bJHA aJha S M aBank Marketing a2nd ed c2011bHimalaya Publishing HouseaPune a379p aBanking;Bank Marketing aBanking;Bank Marketing aJha S M